Import trade control: policy and procedures (Record no. 476862)

000 -LEADER
fixed length control field 00384cam a22001217a 4500
008 - FIXED-LENGTH DATA ELEMENTS--GENERAL INFORMATION
fixed length control field 180718b1977 xxu||||| |||| 00| 0 eng d
082 ## - DEWEY DECIMAL CLASSIFICATION NUMBER
Classification number T39x54 In2i
245 ## - TITLE STATEMENT
Title Import trade control: policy and procedures
Statement of responsibility, etc. by Indian Investment Centre
260 ## - PUBLICATION, DISTRIBUTION, ETC.
Place of publication, distribution, etc. Delhi
Name of publisher, distributor, etc. Indian Investment Centre
Date of publication, distribution, etc. 1977
300 ## - PHYSICAL DESCRIPTION
Extent 133p.
650 ## - SUBJECT ADDED ENTRY--TOPICAL TERM
Topical term or geographic name entry element Foreign commerce - India
700 ## - ADDED ENTRY--PERSONAL NAME
Personal name Indian Investment Centre
Holdings
Withdrawn status Lost status Damaged status Not for loan Permanent Location Current Location Date acquired Full call number Barcode Date last seen Price effective from Koha item type
        Indian Institute of Public Administration Indian Institute of Public Administration 2018-08-04 T39x54 In2i GR10024 2018-08-04 2018-08-04 GR

Powered by Koha